00621nam a22001697a 450000500170000001000480001702000270006503500170009203700090010908200110011810000160012924500950014526000490024027001140028930000320040370000160043520230130101301.0 aB-747240-241 E.N.A./7.11.22 a9789355010919c1499.00 aB-747240-241 bAKPD a574.87 aVerma, S.P. aCell biology, Genetics, Molecular Biology, Evolution and Ecology/cPS Verma and VK Agarwal aNew DelhibS Chand and Company Limitedc2022 aBlock B-1, House No.D-1, Ground Floor, Mohan Co-operative Industrial Estate,bNew Delhie110044k011-66672000 axxiii,various p.c25cm(hbk) aAgarwal, KV